000 00464nam a2200181Ia 4500
001 19644
005 20260306172708.0
008 260306t2022||||xx |||||||||||||| ||spa||
041 _aESP
082 _a340.72
_bT19
100 _aTantaleán Odar, Christian Fernando
_eAUT
245 0 _aLa investigación jurídica y las reglas de la APA
260 _c2022
300 _a365 páginas :
_c21 cm.
650 _aGEN
654 _aCDE
942 _cLIB
_dJUS
_fJUS
_2ddc
_n
999 _c19644
_d19644